Statistics for Countries of the World on September 26, 2017

Click here to take the quiz!

General Stats

  • This quiz has been taken 17 times
  • The average score is 150 of 196

Answers on the Map

Answers color-coded by a green-red scale on the quiz's map according to % correct below.
 

Answer Stats

Country% Correct
United States
100%
Brazil
93%
Canada
93%
China
93%
France
93%
Germany
93%
India
93%
Italy
93%
Japan
93%
Russia
93%
South Korea
93%
United Kingdom
93%
Argentina
87%
Australia
87%
Belarus
87%
Bolivia
87%
Chile
87%
Colombia
87%
Croatia
87%
Denmark
87%
Finland
87%
Greece
87%
Hungary
87%
Iceland
87%
Ireland
87%
Mexico
87%
Mongolia
87%
Netherlands
87%
New Zealand
87%
North Korea
87%
Norway
87%
Oman
87%
Paraguay
87%
Peru
87%
Poland
87%
Portugal
87%
Romania
87%
Saudi Arabia
87%
Slovakia
87%
Slovenia
87%
South Africa
87%
Spain
87%
Sweden
87%
Switzerland
87%
Turkey
87%
Ukraine
87%
Algeria
80%
Armenia
80%
Austria
80%
Belgium
80%
Cambodia
80%
Cameroon
80%
Costa Rica
80%
Cuba
80%
Dominica
80%
Dominican Republic
80%
El Salvador
80%
Estonia
80%
Georgia
80%
Guyana
80%
Honduras
80%
Indonesia
80%
Iran
80%
Iraq
80%
Israel
80%
Ivory Coast
80%
Jordan
80%
Laos
80%
Latvia
80%
Lithuania
80%
Macedonia
80%
Madagascar
80%
Moldova
80%
Morocco
80%
Nepal
80%
Pakistan
80%
Panama
80%
Qatar
80%
Serbia
80%
Suriname
80%
Syria
80%
Taiwan
80%
Thailand
80%
United Arab Emirates
80%
Uruguay
80%
Uzbekistan
80%
Venezuela
80%
Vietnam
80%
Yemen
80%
Afghanistan
73%
Albania
73%
Andorra
73%
Bahamas
73%
Bangladesh
73%
Barbados
73%
Belize
73%
Bhutan
73%
Bosnia and
Herzegovina
73%
Bulgaria
73%
Chad
73%
Cyprus
73%
Czech Republic
73%
Democratic Republic
of the Congo
73%
Ecuador
73%
Egypt
73%
Ethiopia
73%
Fiji
73%
Gabon
73%
Gambia
73%
Guatemala
73%
Haiti
73%
Kazakhstan
73%
Kosovo
73%
Kuwait
73%
Lebanon
73%
Liberia
73%
Libya
73%
Malaysia
73%
Mali
73%
Monaco
73%
Montenegro
73%
Myanmar
73%
Namibia
73%
Niger
73%
Nigeria
73%
Papua New Guinea
73%
Philippines
73%
Republic of the Congo
73%
Rwanda
73%
Saint Lucia
73%
Samoa
73%
Singapore
73%
Sri Lanka
73%
Sudan
73%
Togo
73%
Tonga
73%
Trinidad and Tobago
73%
Uganda
73%
Vatican City
73%
Zambia
73%
Zimbabwe
73%
Angola
67%
Antigua and Barbuda
67%
Azerbaijan
67%
Bahrain
67%
Benin
67%
Botswana
67%
Brunei
67%
Burkina Faso
67%
Burundi
67%
Cape Verde
67%
Central African Republic
67%
Comoros
67%
East Timor
67%
Equatorial Guinea
67%
Eritrea
67%
Federated States of
Micronesia
67%
Ghana
67%
Grenada
67%
Guinea
67%
Guinea-Bissau
67%
Jamaica
67%
Kenya
67%
Kiribati
67%
Kyrgyzstan
67%
Lesotho
67%
Liechtenstein
67%
Luxembourg
67%
Malawi
67%
Maldives
67%
Malta
67%
Marshall Islands
67%
Mauritania
67%
Mauritius
67%
Mozambique
67%
Nauru
67%
Nicaragua
67%
Palau
67%
Saint Kitts and Nevis
67%
Saint Vincent and the
Grenadines
67%
San Marino
67%
São Tomé and Príncipe
67%
Senegal
67%
Seychelles
67%
Sierra Leone
67%
Solomon Islands
67%
Somalia
67%
South Sudan
67%
Tajikistan
67%
Tanzania
67%
Tunisia
67%
Turkmenistan
67%
Tuvalu
67%
Vanuatu
67%
Djibouti
60%
Swaziland
60%

Score Distribution

Percentile by Number Answered

Percent of People with Each Score

Your Score History

You have not taken this quiz